Vowel-less Book Titles II Quiz Stats

 Plays Quiz Updated Mar 13, 2012

Challenge
Share
Tweet
Embed
Score 0/20 Timer 04:00
0 Plays Today
Vowels Removed Book Title % Correct
thhbbtThe Hobbit
90.9%
gnwththwndGone With the Wind
86.2%
thlnthwtchndthwrdrbThe Lion, the Witch, and the Wardrobe
81.8%
jrsscprkJurassic Park
81.5%
chrlttswbCharlotte's Web
79.6%
thctchrnthrThe Catcher in the Rye
79.4%
thfrmThe Firm
72.6%
thdvnccdThe Da Vinci Code
72.5%
whrthwldthngsrWhere the Wild Things Are
71.3%
thhtchhkrsgdtthglxThe Hitchhiker's Guide to the Galaxy
66.9%
Vowels Removed Book Title % Correct
cldwthchncfmtbllsCloudy with a Chance of Meatballs
66.9%
thdvntrsftmswyrThe Adventures of Tom Sawyer
62.7%
thctnthhtThe Cat in the Hat
58.3%
thtmtrvlrswf The Time Traveler's Wife
49.6%
ndthnthrwrnnAnd Then There Were None
40.2%
thrswrwtchnggdTheir Eyes Were Watching God
34%
lsssUlysses
32.1%
nnfgrngblsAnne of Green Gables
30.7%
csnrylCasino Royale
20.4%
thtsdrsThe Outsiders
16.4%

You're not logged in!

Compare scores with friends on all Sporcle quizzes.
Join for Free
OR
Log In

You Might Also Like...

Show Comments

Extras

Top Quizzes Today


Score Distribution

Your Account Isn't Verified!

In order to create a playlist on Sporcle, you need to verify the email address you used during registration. Go to your Sporcle Settings to finish the process.

Report this User

Report this user for behavior that violates our Community Guidelines.

Details: